Principles of human genetics /

Hlavní autor: Stern, Curt, 1902-1981
Jazyk: Angličtina
Vydáno: San Francisco : W.H. Freeman, 1960
Vydání: 2nd ed.
Fyzický popis: 10, 753 s.
Knihy
Uloženo v:
LEADER 00608nam a22002052a 4500
001 001403323
003 CZ BrMZK
005 20140901071426.0
007 ta
008 140714s1960 xxu er|||||||||||eng d
040 |a BOA001  |b cze 
100 1 |a Stern, Curt,  |d 1902-1981  |7 ola2003174985  |4 aut 
245 1 0 |a Principles of human genetics /  |c Curt Stern 
250 |a 2nd ed. 
260 |a San Francisco :  |b W.H. Freeman,  |c 1960 
300 |a 10, 753 s. 
910 |a BOA001  |b 2-0438.305-60 
990 |a BK 
991 |b 201407 
996 7 |b 2619095335  |c 2-0438.305-60  |l MZK  |r Sklad / do 24 hodin  |n 0  |w 001438454  |u 000010  |a 1  |e BOA001  |j MZK50  |s A